Downsizing detroit : The future of the U.S. automobile industry

Wedi'i Gadw mewn:
Manylion Llyfryddiaeth
Prif Awdur: Kannan, N. P.
Fformat: Llyfr
Iaith:Undetermined
Cyhoeddwyd: New York Praeger Publishers 1982
Pynciau:
Tagiau: Ychwanegu Tag
Dim Tagiau, Byddwch y cyntaf i dagio'r cofnod hwn!
Thư viện lưu trữ: Trung tâm Học liệu Trường Đại học Cần Thơ
LEADER 00602nam a2200205Ia 4500
001 CTU_83638
008 210402s9999 xx 000 0 und d
082 |a 338.4 
082 |b K16 
100 |a Kannan, N. P. 
245 0 |a Downsizing detroit : 
245 4 |b The future of the U.S. automobile industry 
245 0 |c N. P. Kannan, Kathy K. Rebibo, Donna L. Ellis 
260 |a New York 
260 |b Praeger Publishers 
260 |c 1982 
650 |a Automobile industry and trade 
650 |z United States 
904 |i QHieu(sửa) 
980 |a Trung tâm Học liệu Trường Đại học Cần Thơ